R.E.M. Albums - Statistics

General Stats
  • This quiz has been taken 310 times
  • The average score is 9 of 15
Answer Stats
Year Answer % Correct
1992 Automatic for the People
88%
1988 Green
84%
1994 Monster
83%
1983 Murmur
77%
1991 Out of Time
76%
1987 Document
69%
1996 New Adventures in Hi-Fi
58%
1998 Up
58%
1985 Fables of the Reconstruction
53%
1984 Reckoning
52%
1986 Lifes Rich Pageant
51%
2001 Reveal
41%
2004 Around the Sun
37%
2008 Accelerate
36%
2011 Collapse into Now
32%
No matching quizzes found
Score Distribution
Percent of People with Each Score
Percentile by Number Answered
Your Score History
You have not taken this quiz